| 000 | 00325nam a2200121Ia 4500 | ||
|---|---|---|---|
| 008 | 210430s9999 xx 000 0 und d | ||
| 082 | _a344.041S9411 M | ||
| 100 | _aB V Subrahmanyam | ||
| 245 |
_aModis Medical Jurisprudence _cB V Subrahmanyam |
||
| 260 |
_aIslamabad _bAllah Wala _c1999 |
||
| 300 | _a587p | ||
| 942 |
_cBK _2ddc |
||
| 999 |
_c562145 _d562145 |
||